Obálka Náhled e-knihy:
Epub
Pro půjčování e-knih musíte být přihlášeni.
Jak si půjčit online?

The Millionaire Baby /

Five thousand dollars is offered in reward to whomever finds the six-year-old heiress, Gwendolen Ocumpaugh, who has disappeared mysteriously from her home. Mr. Trevitt, a private detective, is on the case and when he discovers two lost shoes in the surrounding are – both for the same foot! – he susp...

Celý popis

Uloženo v:
Hlavní autor: Green, Anna Katharine (Autor)
Médium: E-kniha
Jazyk:Czech
Vydáno: Praha : Saga Egmont, 2020
Tagy:
Žádné tagy
LEADER 01409nam a22002297i 4500
001 301554
007 ta
008 260501s2020 xr ||||| |||| 00| 0 cze d
020 |a 9990003825797 
044 |a xr 
100 1 |a  Green, Anna Katharine  |4 aut 
245 1 0 |a The Millionaire Baby /  |c  Green, Anna Katharine 
264 1 |a Praha :  |b Saga Egmont,  |c 2020 
300 |a 1 online zdroj (364 stran) 
336 |a text  |b txt  |2 rdacontent 
337 |a bez média  |b n  |2 rdamedia 
338 |a online zdroj  |b cr  |2 rdacarrier 
520 2 |a Five thousand dollars is offered in reward to whomever finds the six-year-old heiress, Gwendolen Ocumpaugh, who has disappeared mysteriously from her home. Mr. Trevitt, a private detective, is on the case and when he discovers two lost shoes in the surrounding are – both for the same foot! – he suspects a conspiracy is at play. 'The Millionaire Baby' (1905) is a story by American crime writer Anna Katharine Green; a delightful mystery with fascinating characters and twist after twist after twist. 
910 |a RBIT002 
998 |d 382579  |a https://core.palmknihy.cz/api/books/382579/cover?teb82x  |b https://core.palmknihy.cz/api/books/382579/cover/400?teb82x  |c https://core.palmknihy.cz/api/books/382579/cover/50?teb82x  |e   |g 364  |i 9990003825797  |j https://core.palmknihy.cz/api/books/382579/preview.epub  |l   |q 49  |r 1  |s https://www.palmknihy.cz/kniha/382579  |t ebook  |y 2020  |z 1 
999 |d 301552